000 00534nam a2200145 a 4500
001 000033075
005 20200930070018.0
008 110809s1941 dr 000 0 spa d
040 _aDO-SdBNP
_bspa
_cBNPHU
082 _axxxx
_bE82
245 0 0 _aEstudio estadístico de algunos aspectos del comercio exterior de la República Dominicana :
_b1920-1939.
260 _aCiudad Trujillo, República Dominicana :
_bDirección General de Estadística Nacional, Sección de Publicaciones,
_c1941.
300 _a125 p. ;
_c27 cm.
049 _aBNPD
999 _c32566
_d32566